000 00981nam a2200289 i 4500
999 _c200453716
_d71928
003 TR-AnTOB
005 20230731110057.0
007 ta
008 210714s2019 tu o g 000 0dtur u
040 _aTR-AnTOB
_beng
_erda
_cTR-AnTOB
041 0 _atur
050 1 4 _aPL248.O924
_bT874 2019
090 _aPL248.O924
_bT874 2019
245 0 0 _aTurgut Özakman /
_cyayına hazırlayanlar Özgün Ökmen, Tuncer Kırhan.
264 1 _aAnkara :
_bAtatürkçü Düşünce,
_c2019.
300 _a32 pages :
_bphotographs ;
_c20 cm
336 _atext
_2 rdacontent
_btxt
337 _aunmediated
_2 rdamedia
_bn
338 _avolume
_2 rdacarrier
_bnc
500 _aAtatürkçü Düşünce Düşün Yıl:25 sayı: 146 ; Nisan-Haziran 2019 dergi ekidir.
600 1 0 _aÖzakman, Turgut,
_d1930-2013
_943904
650 0 _aYazarlar
_vBiyografi
_9120941
700 1 _aÖkmen, Özgün
_eeditor
_920416
700 1 _aKırhan, Tuncer
_9142624
942 _2lcc
_cBK